Football League A-Z - Statistics

General Stats
  • This quiz has been taken 1,494 times
  • The average score is 13 of 26
Answer Stats
Letter Answer % Correct
B City with 'Rovers' and 'City' Bristol
90%
C The Eagles Crystal Palace
84%
I Tractor Boys Ipswich Town
77%
Q Will be in the championship in 13/14 QPR
72%
D Burnley Manager Sean Dyche
71%
X Spanish Footballer that has never played in the football league Xavi
66%
G League 2 champions Gillingham
65%
M Where the fake dons are based Milton Keynes
65%
H Jeff Stelling supports these Hartlepool United
62%
A who are they? Exactly! Accrington Stanley
61%
L We all hate _____ scum Leeds United
60%
O Lee Croft plays for Oldham Athletic
59%
V Charlton Athletic stadium The Valley
53%
F Peterborough United manager Darren Ferguson
48%
E Play at St James Park Exeter City
48%
N NEWest team to join the football league Newport County
48%
Y Former Watford player now at Man United Ashley Young
46%
T Helen Chamberlain supports these Torquay United
46%
R Blackburn Striker Jordan Rhodes
36%
S Morecambe's nickname Shrimps
36%
P Burton Albion Stadium Pirelli
32%
J Sponors the football league trophy Johnstones Paint
30%
K Ginger Sheffield United Striker Dave Kitson
25%
U Yeovil Midfielder Ed Upson
14%
W Stevenage boss Graham Westley
12%
Z Former Chinese Charlton striker Zheng Zhi
12%
No matching quizzes found
Score Distribution
Percent of People with Each Score
Percentile by Number Answered
Your Score History
You have not taken this quiz